All Nations Represented in the Top 5 European Leagues (2024/25) - Statistics

General Stats
  • This quiz has been taken 66 times
    48 since last reset
  • The average score is 86 of 106
Answer Stats
Hint Answer % Correct
71 Argentina
100%
78 Brazil
100%
215 England
100%
290 France
100%
264 Germany
100%
199 Italy
100%
60 Netherlands
100%
26 Poland
100%
53 Portugal
100%
4 Russia
100%
342 Spain
100%
13 Ukraine
100%
10 Albania
97%
8 Australia
97%
35 Austria
97%
45 Belgium
97%
11 Canada
97%
24 Colombia
97%
20 Ireland
97%
22 Japan
97%
3 New Zealand
97%
10 Romania
97%
9 South Korea
97%
25 United States of America
97%
16 Algeria
94%
36 Croatia
94%
16 Czechia
94%
50 Denmark
94%
6 Egypt
94%
11 Greece
94%
9 Hungary
94%
1 Iran
94%
5 Mexico
94%
43 Morocco
94%
27 Nigeria
94%
22 Norway
94%
20 Scotland
94%
32 Senegal
94%
27 Serbia
94%
11 Slovakia
94%
34 Sweden
94%
36 Switzerland
94%
20 Türkiye
94%
4 Chile
91%
5 Finland
91%
4 Northern Ireland
91%
10 Slovenia
91%
18 Uruguay
91%
13 Wales
91%
10 Democratic Republic of The Congo
88%
22 Ghana
88%
11 Iceland
88%
4 Jamaica
88%
21 Mali
88%
3 Montenegro
88%
4 Republic of The Congo
88%
11 Bosnia & Herzegovina
84%
2 Luxembourg
84%
5 Paraguay
84%
1 Peru
84%
1 Andorra
81%
15 Cameroon
81%
42 Côte d'Ivoire
81%
7 Ecuador
81%
2 Estonia
81%
7 Kosovo
81%
1 Panama
81%
6 Tunisia
81%
6 Angola
78%
1 Indonesia
78%
1 Lithuania
78%
1 Saudi Arabia
78%
4 Venezuela
78%
1 Dominican Republic
75%
10 Guinea
75%
2 Israel
75%
1 Libya
75%
2 North Macedonia
75%
2 Cyprus
72%
7 Georgia
72%
1 Armenia
69%
1 Costa Rica
69%
3 Gabon
69%
2 Togo
69%
1 Kenya
66%
1 Malta
66%
1 Sierra Leone
66%
2 Suriname
66%
3 The Gambia
66%
2 Uzbekistan
66%
3 Zimbabwe
66%
1 Haiti
63%
2 Benin
59%
3 Zambia
59%
5 Burkina Faso
56%
3 Guinea-Bissau
56%
1 Syria
56%
3 Central African Republic
53%
3 Equatorial Guinea
53%
3 Cape Verde
47%
1 Philippines
47%
1 Jordan
44%
1 Burundi
41%
1 Comoros
31%
5 Guadalupe
13%
1 French Guyana
6%
No matching quizzes found
Score Distribution
Percent of People with Each Score
Percentile by Number Answered
Your Score History
You have not taken this quiz since the last reset